مكتبة جامعة عجلون الوطنية

فهرس بحث المكتبة

فاعلية برنامج تعليمي قائم على أنشطة منتسوري في تنمية مفاهيم الرياضيات لدى طلبة صعوبات التعلم = The Effectiveness an Educational Program Based on Montessori Activities in Developing Mathematical Concepts with Learning Disabilities. (Record no. 33939)

MARC details
000 -LEADER
fixed length control field 01151nam a22001937a 4500
003 - CONTROL NUMBER IDENTIFIER
control field JO-AjAnu
005 - DATE AND TIME OF LATEST TRANSACTION
control field 20250715055138.0
008 - FIXED-LENGTH DATA ELEMENTS--GENERAL INFORMATION
fixed length control field 250715b jo ||||| |||| 00| 0 ara d
040 ## - CATALOGING SOURCE
Original cataloging agency ANU
Transcribing agency JO-AjAnu
041 ## - LANGUAGE CODE
Language code of original ARA
100 ## - MAIN ENTRY--PERSONAL NAME
Personal name القضاة، هنيدا علي حمدان
Relator term معد
9 (RLIN) 66581
245 ## - TITLE STATEMENT
Title فاعلية برنامج تعليمي قائم على أنشطة منتسوري في تنمية مفاهيم الرياضيات لدى طلبة صعوبات التعلم = The Effectiveness an Educational Program Based on Montessori Activities in Developing Mathematical Concepts with Learning Disabilities.
Statement of responsibility, etc. / إعداد هنيدا علي حمدان القضاة ؛ اشراف محمد احمد شحاده العمري
260 ## - PUBLICATION, DISTRIBUTION, ETC.
Date of publication, distribution, etc. 2025
300 ## - PHYSICAL DESCRIPTION
Extent 97 ورقة
500 ## - GENERAL NOTE
General note رسالة جامعية (رسالة ماجستير في التربية الخاصة) - جامعة عجلون الوطنية (الاردن-عجلون) - كلية العلوم التربوية ، 2025
650 ## - SUBJECT ADDED ENTRY--TOPICAL TERM
Form subdivision صعوبات التعلم-الرياضيات
700 ## - ADDED ENTRY--PERSONAL NAME
Personal name العمري، محمد احمد شحاده
Relator term مشرف
9 (RLIN) 66582
942 ## - ADDED ENTRY ELEMENTS (KOHA)
Source of classification or shelving scheme Library of Congress Classification
Koha item type Thesis
Suppress in OPAC No
Holdings
Withdrawn status Lost status Source of classification or shelving scheme Damaged status Not for loan Home library Current library Date acquired Total Checkouts Full call number Barcode Date last seen Price effective from Koha item type
    Library of Congress Classification     مكتبة جامعة عجلون الوطنية مكتبة جامعة عجلون الوطنية 15/07/2025   LC4621.2025 A30298 15/07/2025 15/07/2025 Thesis
    Library of Congress Classification     مكتبة جامعة عجلون الوطنية مكتبة جامعة عجلون الوطنية 15/07/2025   LC4621.2025 A30297 15/07/2025 15/07/2025 Thesis